000 00204 a2200097 4500
001 37310
100 _amanchester, R B
245 _aIncredible Facts
260 _aYork
_bExeter
_c
090 _c23782
_d23782
942 _aNUST-CAE
_cM
_c15316
999 _c272383
_d272383